| 000 | 00000nam 2200000zi 4500 |
| 001 | 9.945497 |
| 003 | CaOODSP |
| 005 | 20241125113438 |
| 006 | m o d f |
| 007 | cr |n||||||||| |
| 008 | 241125e20241122onc o f|0| 0 fre d |
| 040 | |aCaOODSP|bfre|erda|cCaOODSP |
| 043 | |an-cn--- |
| 086 | 1 |aH113-23/2024-1F-PDF |
| 245 | 00|aAvis d’intention : |bprocédure révisée concernant les lacunes en matière de données pour l’examen scientifique d’une demande de catégorie A, B ou L. |
| 264 | 1|aOttawa (Ontario) : |bAgence de réglementation de la lutte antiparasitaire, Santé Canada, |cle 22 novembre 2024. |
| 264 | 4|c©2024 |
| 300 | |a1 ressource en ligne (4 pages). |
| 336 | |atexte|btxt|2rdacontent/fre |
| 337 | |ainformatique|bc|2rdamedia/fre |
| 338 | |aressource en ligne|bcr|2rdacarrier/fre |
| 490 | 1 |aAvis d'intention, |x2291-9597 ; |vNOI2024-01 |
| 500 | |aPublié aussi en anglais sous le titre : Notice of intent: revised procedure for category A, B, and L application data deficiencies in science review. |
| 650 | 6|aPesticides|xCertification|zCanada. |
| 710 | 1 |aCanada. |bAgence de réglementation de la lutte antiparasitaire, |eorganisme de publication. |
| 775 | 08|tNotice of intent : |w(CaOODSP)9.945494 |
| 830 | #0|aAvis d'intention,|x2291-9597 ; |vNOI2024-01.|w(CaOODSP)9.501296 |
| 856 | 40|qPDF|s312 Ko|uhttps://publications.gc.ca/collections/collection_2024/sc-hc/H113-23-2024-1-fra.pdf |
| 856 | 4 |qHTML|sS.O.|uhttps://www.canada.ca/fr/sante-canada/services/securite-produits-consommation/pesticides-lutte-antiparasitaire/public/consultations/avis-intention/2024/procedure-revisee-concernant-lacunes-matiere-donnees-examen-scientifique-demande-categorie-a-b-l/document.html |